| 000 -LEADER | |
|---|---|
| fixed length control field | 01544nam a22002177a 4500 |
| 005 - DATE AND TIME OF LATEST TRANSACTION | |
| control field | 20250420134812.0 |
| 008 - FIXED-LENGTH DATA ELEMENTS--GENERAL INFORMATION | |
| fixed length control field | 200723b ||||| |||| 00| 0 eng d |
| 020 ## - INTERNATIONAL STANDARD BOOK NUMBER | |
| International Standard Book Number | 9781292018249 |
| 040 ## - CATALOGING SOURCE | |
| Transcribing agency | KCST |
| 082 ## - DEWEY DECIMAL CLASSIFICATION NUMBER | |
| Classification number | 005.133 |
| Item number | Sa Pr |
| 100 ## - MAIN ENTRY--PERSONAL NAME | |
| Personal name | Savitch, Walter |
| 9 (RLIN) | 4678 |
| 245 ## - TITLE STATEMENT | |
| Title | Problem solving with c++ / |
| Statement of responsibility, etc. | Walter Savitch, Kendrick Mock |
| 250 ## - EDITION STATEMENT | |
| Edition statement | 9th edition. |
| Remainder of edition statement | Global edition. |
| 260 ## - PUBLICATION, DISTRIBUTION, ETC. | |
| Place of publication, distribution, etc. | Harlow: |
| Name of publisher, distributor, etc. | Pearson; |
| Date of publication, distribution, etc. | 2015. |
| 300 ## - PHYSICAL DESCRIPTION | |
| Extent | 1088 p. |
| 505 ## - FORMATTED CONTENTS NOTE | |
| Formatted contents note | Ch. 1. Introduction to computers and C++ programming --<br/>ch. 2. C++ basics --<br/>ch. 3. More flow of control --<br/>ch. 4. Procedural abstraction and functions that return a value --<br/>ch. 5. Functions for all subtasks --<br/>ch. 6. I/O streams as an introduction to objects and classes --<br/>ch. 7. Arrays --<br/>ch. 8. Strings and vectors --<br/>ch. 9. Pointers and dynamic arrays --<br/>ch. 10. Defining classes --<br/>ch. 11. Friends, overloaded operators, and arrays in classes --<br/>ch. 12. Separate compilation and namespaces --<br/>ch. 13. Pointers and linked lists --<br/>ch. 14. Recursion --<br/>ch. 15. Inheritance --<br/>ch. 16. Exception handling --<br/>ch. 17. Templates --<br/>ch. 18. Standard template library --<br/>app. 1. C++ keywords --<br/>app. 2. Precedence of operators --<br/>app. 3. The ASCII character set --<br/>app. 4. Some library functions --<br/>app. 5. Inline functions --<br/>app. 6. Overloading the array index square brackets --<br/>app. 7. The this pointer --<br/>app. 8. Overloading operators as member operators. |
| 650 ## - SUBJECT ADDED ENTRY--TOPICAL TERM | |
| Topical term or geographic name entry element | C++ (Computer program language). |
| 9 (RLIN) | 162 |
| 700 ## - ADDED ENTRY--PERSONAL NAME | |
| Personal name | Mock, Kendrick |
| 9 (RLIN) | 4679 |
| 942 ## - ADDED ENTRY ELEMENTS (KOHA) | |
| Koha item type | Book |
| 942 ## - ADDED ENTRY ELEMENTS (KOHA) | |
| Source of classification or shelving scheme | Dewey Decimal Classification |
| Withdrawn status | Lost status | Source of classification or shelving scheme | Damaged status | Not for loan | Home library | Current library | Date acquired | Cost, normal purchase price | Total checkouts | Full call number | Barcode | Date last seen | Date last checked out | Price effective from | Koha item type |
|---|---|---|---|---|---|---|---|---|---|---|---|---|---|---|---|
| Dewey Decimal Classification | KCST Library | KCST Library | 23/07/2020 | 26.38 | 3 | 005.133 Sa Pr | 1000000375 | 16/10/2025 | 16/10/2025 | 23/07/2020 | Book |